Chemistry

Đã lưu trong:
書目詳細資料
主要作者: Steven S Zumdahl
格式: 圖書
語言:Undetermined
出版: Massachusetts D.C.Health 1986
主題:
標簽: 添加標簽
沒有標簽, 成為第一個標記此記錄!
Thư viện lưu trữ: Trung tâm Học liệu Trường Đại học Cần Thơ
LEADER 00419nam a2200169Ia 4500
001 CTU_2952
008 210402s9999 xx 000 0 und d
082 |a 540 
082 |b Z93 
100 |a Steven S Zumdahl 
245 0 |a Chemistry 
245 0 |c Steven S Zumdahl 
260 |a Massachusetts 
260 |b D.C.Health 
260 |c 1986 
650 |a chemistry 
980 |a Trung tâm Học liệu Trường Đại học Cần Thơ